000 01499cam a2200289 a 4500
001 14068099
003 NUST
005 20221229174647.0
008 050809s2005 ii ab 001 0 eng
010 _a 2005385236
020 _a8170492467
025 _aI-E-2005-385236; 61-90; 62-90
037 _bLibrary of Congress -- New Delhi Overseas Office
_cRs495.00
040 _aDLC
_cDLC
042 _alcode
043 _aa-ii---
050 0 0 _aUA843.I6
_bS535 2005
082 _a356.10954,SHO
100 1 _aShorey, Anil.
_9106441
245 1 2 _aA legendary force, 1st Patiala :
_b300 years of 15 Punjab (Patiala) /
_cAnil Shorey.
246 3 _aLegendary force, First Patiala
260 _aNew Delhi :
_bManas Publications,
_cc2005.
300 _a235 p. :
_bill. (some col.), col. maps ;
_c23 cm.
505 _aOrigin of Modern Indian Army (Page-17), The Inception of 1st Patiala (Page-27), The Maturing (page-30), New Shape and Conquests (Page-33), 1st Patiala during World War 1 (Page-42), Between the Wars (Page-70), The Patialas in World War II (Page-73), Operation in Jammu and Kashmir (1947-48) (Page-96), After the War (Page-152), Indo-Pak War -1971 (Page-156), The Post -1971 War Era (Page-169), Battle of Dalunang (Page-172), Towords Countering the Proxy War (Page-178),In the Western Sector (Page-202), Other Fronts (Page-205), Epilogue (Page-216), Index (Page-229).
610 1 0 _aIndia.
_bArmy.
_bPunjab Regiment (Patiala), 15th
_xHistory.
_9106442
942 _2ddc
_cBK
_k356.10954,SHO
999 _c592848
_d592848